Estudis de tècnic mecànic, tècnic electricista, enginyer mercantil, enginyer químic-tèxtil
Descripción Física:
1 díptic ; 16 cm
MARC
| LEADER | 00000nam a2200000Ia 4500 | ||
|---|---|---|---|
| 001 | 16182 | ||
| 003 | BGR | ||
| 005 | 20260324180158.0 | ||
| 008 | 160829s1937?] xx 000 0 cat d | ||
| 080 | |a 4231, exp. 82 | ||
| 110 | 1 | |a Escola Industrial de Terrassa |9 70801 | |
| 245 | |a Estudis de tècnic mecànic, tècnic electricista, enginyer mercantil, enginyer químic-tèxtil | ||
| 260 | |a [S.l : |b s.n., |c 1937?] | ||
| 300 | |a 1 díptic ; |c 16 cm | ||
| 590 | |a Pla d'estudis de l'Escola. | ||
| 590 | |a Hi ha un duplicat a la mateixa capsa | ||
| 610 | 1 | 0 | |a Escola Industrial de Terrassa |9 70801 |x Curriculums |
| 901 | |a Arxiu | ||
| 942 | |n 1 |2 udc |c MON | ||
| 952 | |0 0 |1 0 |4 0 |6 4231_EXP_82 |7 1 |9 54715 |a Arxiu |b Arxiu |d 2016-12-01 |l 0 |o 4231, exp. 82 |p 16182 |r 2016-12-01 00:00:00 |w 2016-12-01 |y ARXIU | ||
| 999 | |c 58584 |d 58584 | ||